[Event "Titled Tuesday intern op 27th Feb Late"]
[Site "Chess.com INT"]
[Date "2024.02.27"]
[Round "1"]
[White "Colonetti, Fabio"]
[Black "Barria Zuniga, Daniel"]
[Result "0-1"]
[WhiteElo "2129"]
[BlackElo "2341"]
[PlyCount "40"]
[EventDate "2024.02.27"]
[EventType "swiss (blitz)"]
[EventRounds "11"]
[EventCountry "USA"]
[SourceTitle "CB10_2024"]
[SourceDate "2024.03.06"]
[SourceVersion "1"]
[SourceVersionDate "2024.03.06"]
[SourceQuality "1"]

1. Nf3 g6 2. g3 Bg7 3. Bg2 e5 4. e4 Ne7 5. 0-0 0-0 6. d4 exd4 7. Nxd4 Nbc6 8. Be3 d5 9. exd5 Nxd5 10. Nxc6 bxc6 11. Bd4 Ba6 12. Re1 Nb4 13. Bxg7 Kxg7 14. Na3 Qf6 15. c3 Nd3 16. Re2 Rad8 17. Rd2 Nxf2 18. Rxd8 Nxd1 19. Rxf8 Qf2+ 20. Kh1 Qe1+ 0-1

[Event "Titled Tuesday intern op 27th Feb Late"]
[Site "Chess.com INT"]
[Date "2024.02.27"]
[Round "5"]
[White "Colonetti, Fabio"]
[Black "Donda, Jazmin"]
[Result "1-0"]
[WhiteElo "2129"]
[BlackElo "1706"]
[PlyCount "63"]
[EventDate "2024.02.27"]
[EventType "swiss (blitz)"]
[EventRounds "11"]
[EventCountry "USA"]
[SourceTitle "CB10_2024"]
[SourceDate "2024.03.06"]
[SourceVersion "1"]
[SourceVersionDate "2024.03.06"]
[SourceQuality "1"]

1. d4 d5 2. Nc3 c6 3. e4 dxe4 4. Nxe4 Bf5 5. Ng3 Bg6 6. h4 h6 7. h5 Bh7 8. Bd3 Bxd3 9. Qxd3 Nf6 10. Nf3 Nbd7 11. Bd2 e6 12. 0-0-0 Qc7 13. Rhe1 0-0-0 14. Kb1 Bd6 15. Ne4 Nxe4 16. Qxe4 Nf6 17. Qd3 Nxh5 18. c4 Nf6 19. g3 Rhe8 20. Bc3 Ng4 21. Qc2 Nf6 22. c5 Be7 23. Qa4 a6 24. Ba5 Qd7 25. Ne5 Qd5 26. Bxd8 Rxd8 27. Nxf7 Qf5+ 28. Qc2 Rf8 29. Qxf5 exf5 30. Rxe7 Nd5 31. Nd6+ Kd8 32. Rxb7 1-0

[Event "Titled Tuesday intern op 27th Feb Late"]
[Site "Chess.com INT"]
[Date "2024.02.27"]
[Round "3"]
[White "Colonetti, Fabio"]
[Black "Lutz, Igor Oscar"]
[Result "1-0"]
[WhiteElo "2129"]
[BlackElo "1951"]
[PlyCount "69"]
[EventDate "2024.02.27"]
[EventType "swiss (blitz)"]
[EventRounds "11"]
[EventCountry "USA"]
[SourceTitle "CB10_2024"]
[SourceDate "2024.03.06"]
[SourceVersion "1"]
[SourceVersionDate "2024.03.06"]
[SourceQuality "1"]

1. d4 Nf6 2. c4 e6 3. Nf3 d5 4. Nc3 c6 5. Bg5 Be7 6. e3 0-0 7. Be2 Nbd7 8. 0-0 dxc4 9. Bxc4 b5 10. Bd3 Bb7 11. e4 a6 12. e5 Nd5 13. h4 f6 14. exf6 Bxf6 15. Ne4 Qe7 16. Nxf6+ N7xf6 17. Re1 Rae8 18. Qe2 Bc8 19. Ne5 Qd6 20. h5 h6 21. Bd2 c5 22. dxc5 Qxc5 23. Rac1 Qe7 24. Ng6 Qf7 25. Nxf8 Rxf8 26. Bg6 Qe7 27. a4 bxa4 28. Bc3 Bd7 29. Be5 Rc8 30. Rxc8+ Bxc8 31. Rc1 Bd7 32. Qxa6 Qb4 33. Qa8+ Be8 34. Bxe8 Qd2 35. Bg6+ 1-0

[Event "Titled Tuesday intern op 06th Feb Late"]
[Site "Chess.com INT"]
[Date "2024.02.06"]
[Round "3"]
[White "Colonetti, Fabio"]
[Black "Urbina Perez, Juan Antonio"]
[Result "0-1"]
[WhiteElo "2129"]
[BlackElo "2266"]
[PlyCount "68"]
[EventDate "2024.02.06"]
[EventType "swiss (blitz)"]
[EventRounds "11"]
[EventCountry "USA"]
[SourceTitle "CB07_2024"]
[SourceDate "2024.02.14"]
[SourceVersion "1"]
[SourceVersionDate "2024.02.14"]
[SourceQuality "1"]

1. e4 c6 2. d4 d5 3. exd5 cxd5 4. Bd3 Nc6 5. c3 Nf6 6. Bf4 Bg4 7. Qb3 Qd7 8. Nd2 e6 9. Ngf3 Bxf3 10. Nxf3 Bd6 11. Bxd6 Qxd6 12. 0-0 0-0 13. Rae1 Rab8 14. Ne5 Rfc8 15. a4 Na5 16. Qc2 Nc4 17. Bxc4 dxc4 18. f4 b5 19. a5 b4 20. f5 bxc3 21. bxc3 Rb3 22. Nxc4 Qb8 23. Nb6 Rbxc3 24. Qe2 axb6 25. fxe6 R3c7 26. e7 Re8 27. Rxf6 gxf6 28. Qg4+ Kh8 29. Qf5 Rc6 30. Re3 Qd6 31. d5 Rc1+ 32. Kf2 Rxe7 33. axb6 Rxe3 34. Kxe3 Qxb6+ 0-1

[Event "Titled Tuesday intern op 26th Sep Early"]
[Site "Chess.com INT"]
[Date "2023.09.26"]
[Round "11"]
[White "Brown, Andrew"]
[Black "Colonetti, Fabio"]
[Result "1-0"]
[WhiteElo "2279"]
[BlackElo "2124"]
[PlyCount "63"]
[EventDate "2023.09.26"]
[EventType "swiss (blitz)"]
[EventRounds "11"]
[EventCountry "USA"]
[SourceTitle "EXT 2024"]
[Source "ChessBase"]
[SourceDate "2023.10.10"]
[SourceVersion "1"]
[SourceVersionDate "2023.10.10"]
[SourceQuality "1"]

1. d4 d5 2. c4 e6 3. Nc3 c6 4. Nf3 Nf6 5. Bg5 h6 6. Bh4 dxc4 7. e4 g5 8. Bg3 b5 9. h4 g4 10. Ne5 Nbd7 11. Be2 Bb7 12. Qc2 Bg7 13. Rd1 Qb6 14. 0-0 Nxe5 15. Bxe5 0-0-0 16. b3 cxb3 17. axb3 a6 18. Qc1 Rhg8 19. Qf4 Nh5 20. Qxf7 Bxe5 21. Qxe6+ Kb8 22. Qxe5+ Ka8 23. Qxh5 Rxd4 24. Qxh6 g3 25. Qe3 gxf2+ 26. Qxf2 c5 27. Nd5 Bxd5 28. exd5 Rb4 29. d6 Kb8 30. d7 Rd8 31. Qf6 Rd4 32. Qxb6+ 1-0

[Event "Titled Tuesday intern op 26th Sep Early"]
[Site "Chess.com INT"]
[Date "2023.09.26"]
[Round "10"]
[White "Colonetti, Fabio"]
[Black "Cardozo Munar, Carlos Eduardo"]
[Result "0-1"]
[WhiteElo "2124"]
[BlackElo "2043"]
[PlyCount "50"]
[EventDate "2023.09.26"]
[EventType "swiss (blitz)"]
[EventRounds "11"]
[EventCountry "USA"]
[SourceTitle "EXT 2024"]
[Source "ChessBase"]
[SourceDate "2023.10.10"]
[SourceVersion "1"]
[SourceVersionDate "2023.10.10"]
[SourceQuality "1"]

1. e4 e6 2. d4 d5 3. Nc3 Nf6 4. e5 Nfd7 5. f4 c5 6. Nf3 Nc6 7. Be3 Qb6 8. Na4 Qc7 9. Nxc5 Nxd4 10. Nxd4 Bxc5 11. c3 0-0 12. Bd3 g6 13. h4 h5 14. g4 hxg4 15. Qxg4 Kg7 16. h5 Rh8 17. hxg6 Rxh1+ 18. Kf2 f5 19. Nxe6+ Kg8 20. Qxf5 Bxe3+ 21. Kxe3 Rh3+ 22. Qxh3 Qb6+ 23. Nd4 Nf6 24. Qh6 Ng4+ 25. Kd2 Nxh6 0-1

[Event "Titled Tuesday intern op 26th Sep Early"]
[Site "Chess.com INT"]
[Date "2023.09.26"]
[Round "2"]
[White "Colonetti, Fabio"]
[Black "Ozcan, Kaan"]
[Result "1-0"]
[WhiteElo "2124"]
[BlackElo "2174"]
[PlyCount "47"]
[EventDate "2023.09.26"]
[EventType "swiss (blitz)"]
[EventRounds "11"]
[EventCountry "USA"]
[SourceTitle "EXT 2024"]
[Source "ChessBase"]
[SourceDate "2023.10.10"]
[SourceVersion "1"]
[SourceVersionDate "2023.10.10"]
[SourceQuality "1"]

1. e4 e5 2. Nf3 Nc6 3. Bb5 Nf6 4. d3 d6 5. 0-0 Be7 6. c4 0-0 7. Nc3 Bg4 8. h3 Bh5 9. g4 Bg6 10. Be3 Nd7 11. Bxc6 bxc6 12. d4 Nf6 13. Qc2 exd4 14. Nxd4 c5 15. Nf5 Bxf5 16. gxf5 Nd7 17. f4 Bf6 18. Qg2 Re8 19. Rae1 Bxc3 20. bxc3 Nf6 21. e5 dxe5 22. fxe5 Rxe5 23. Bh6 Ng4 24. Qxg4 1-0

[Event "Titled Tuesday intern op 26th Sep Early"]
[Site "Chess.com INT"]
[Date "2023.09.26"]
[Round "9"]
[White "Kleibel, Uwe"]
[Black "Colonetti, Fabio"]
[Result "1-0"]
[WhiteElo "2302"]
[BlackElo "2124"]
[PlyCount "99"]
[EventDate "2023.09.26"]
[EventType "swiss (blitz)"]
[EventRounds "11"]
[EventCountry "USA"]
[SourceTitle "EXT 2024"]
[Source "ChessBase"]
[SourceDate "2023.10.10"]
[SourceVersion "1"]
[SourceVersionDate "2023.10.10"]
[SourceQuality "1"]

1. e4 c5 2. Nf3 a6 3. g3 b5 4. Bg2 Bb7 5. Qe2 e6 6. 0-0 Be7 7. e5 d6 8. exd6 Qxd6 9. d3 Nc6 10. Nbd2 Nf6 11. a4 0-0 12. Re1 Qd7 13. b3 Nd4 14. Qd1 Nd5 15. Nxd4 cxd4 16. Bb2 Nc3 17. Bxc3 dxc3 18. Ne4 b4 19. a5 Qd5 20. Nf6+ Bxf6 21. Bxd5 Bxd5 22. Ra4 Rab8 23. Qg4 Be7 24. h4 f5 25. Qe2 Rb5 26. h5 f4 27. g4 f3 28. Qe3 Bc5 29. d4 Bd6 30. Qd3 Rf4 31. Re3 Rxg4+ 32. Kf1 Rh4 33. Rxf3 Bxf3 34. Qxf3 Rf4 35. Qa8+ Kf7 36. Qxa6 Rxh5 37. Qxd6 Re4 38. a6 Rd5 39. Qc7+ Kf6 40. a7 Rdxd4 41. a8Q Rd1+ 42. Kg2 Rg4+ 43. Qg3 Rxg3+ 44. Kxg3 Rg1+ 45. Kf3 Rd1 46. Qf8+ Kg6 47. Rxb4 Rd2 48. Rg4+ Kh6 49. Qf4+ g5 50. Qxg5# 1-0

[Event "Titled Tuesday intern op 26th Sep Early"]
[Site "Chess.com INT"]
[Date "2023.09.26"]
[Round "6"]
[White "Mohammed, Zozek Salah Mohamme"]
[Black "Colonetti, Fabio"]
[Result "0-1"]
[WhiteElo "2210"]
[BlackElo "2124"]
[PlyCount "106"]
[EventDate "2023.09.26"]
[EventType "swiss (blitz)"]
[EventRounds "11"]
[EventCountry "USA"]
[SourceTitle "EXT 2024"]
[Source "ChessBase"]
[SourceDate "2023.10.10"]
[SourceVersion "1"]
[SourceVersionDate "2023.10.10"]
[SourceQuality "1"]

1. d4 d5 2. Nf3 Nf6 3. g3 b5 4. Bg2 Bb7 5. 0-0 e6 6. a4 a6 7. axb5 axb5 8. Rxa8 Bxa8 9. Nc3 b4 10. Na4 Nbd7 11. c4 bxc3 12. bxc3 Be7 13. Bf4 0-0 14. Qb3 c5 15. Rb1 c4 16. Qb5 Ne4 17. Ne5 Nxe5 18. Bxe5 Nd6 19. Bxd6 Qxd6 20. Nc5 Bc6 21. Qa6 Qc7 22. Rb6 Be8 23. Rb7 Qd8 24. Nxe6 fxe6 25. Qxe6+ Rf7 26. Bxd5 Kf8 27. Bxc4 h5 28. e4 h4 29. Kg2 h3+ 30. Kxh3 g5 31. Qh6+ Kg8 32. Qg6+ Kh8 33. Be6 Rh7+ 34. Qxh7+ Kxh7 35. f4 Qd6 36. f5 g4+ 37. Kxg4 Kh6 38. h4 Bh5+ 39. Kh3 Bf6 40. e5 Bxe5 41. dxe5 Qxe5 42. Rb6 Kg7 43. Rb7+ Kh8 44. Rd7 Qe4 45. Rd8+ Kg7 46. Bd5 Bg4+ 47. Kh2 Qe2+ 48. Kg1 Qe1+ 49. Kg2 Qe2+ 50. Kg1 Qd1+ 51. Kg2 Bf3+ 52. Kf2 Qe2+ 53. Kg1 Qg2# 0-1

[Event "Titled Tuesday intern op 19th Sep Early"]
[Site "Chess.com INT"]
[Date "2023.09.19"]
[Round "9"]
[White "Colonetti, Fabio"]
[Black "Daurimbetov, Azamat"]
[Result "1-0"]
[WhiteElo "2124"]
[BlackElo "2134"]
[PlyCount "43"]
[EventDate "2023.09.19"]
[EventType "swiss (blitz)"]
[EventRounds "11"]
[EventCountry "USA"]
[SourceTitle "EXT 2024"]
[Source "ChessBase"]
[SourceDate "2023.10.10"]
[SourceVersion "1"]
[SourceVersionDate "2023.10.10"]
[SourceQuality "1"]

1. e4 e6 2. d4 d5 3. Nc3 Bb4 4. e5 c5 5. Bd2 Bxc3 6. bxc3 Ne7 7. Nf3 Nbc6 8. Be2 Nf5 9. 0-0 0-0 10. Bg5 Qb6 11. g4 Nfe7 12. Rb1 Qa5 13. Qd2 a6 14. Bf6 Ng6 15. h4 cxd4 16. h5 dxc3 17. Qg5 h6 18. Qc1 gxf6 19. Qxh6 Qa4 20. Nh4 Qxg4+ 21. Bxg4 Nxh4 22. exf6 1-0

[Event "ITA-ch sf 82nd"]
[Site "Villesse"]
[Date "2023.07.21"]
[Round "8"]
[White "Colonetti, Fabio"]
[Black "Belli, Giorgio"]
[Result "1-0"]
[WhiteElo "2091"]
[BlackElo "2208"]
[PlyCount "71"]
[EventDate "2023.07.15"]
[EventType "swiss"]
[EventRounds "9"]
[EventCountry "ITA"]
[SourceTitle "CBM 215 Extra"]
[Source "ChessBase"]
[SourceDate "2023.09.30"]
[SourceVersion "1"]
[SourceVersionDate "2023.09.30"]
[SourceQuality "1"]

1. d4 Nf6 2. c4 e6 3. Nc3 Bb4 4. Qc2 b6 5. e4 c5 6. d5 Qe7 7. Nge2 exd5 8. exd5 Qe4 9. Qxe4+ Nxe4 10. a3 Bxc3+ 11. Nxc3 Nxc3 12. bxc3 d6 13. Bf4 Ke7 14. Kd2 Rd8 15. Bd3 Kf6 16. Rhe1 Na6 17. Re3 Bf5 18. Rae1 Bxd3 19. Kxd3 Rd7 20. Rf3 Kg6 21. Rg3+ Kf5 22. Bd2 f6 23. h4 g5 24. hxg5 Nc7 25. Rf3+ Kg6 26. Rxf6+ Kg7 27. Bf4 Rad8 28. Rh6 Ne8 29. Reh1 Kg8 30. g6 hxg6 31. Rxg6+ Rg7 32. Rxg7+ Nxg7 33. Rh6 Rf8 34. g3 Ne8 35. Re6 Kh7 36. Re7+ 1-0

[Event "Bassano del Grappa Easter op-A 2nd"]
[Site "Bassano del Grappa"]
[Date "2022.04.18"]
[Round "9"]
[White "Colonetti, Fabio"]
[Black "Kobl, Rudolf"]
[Result "1/2-1/2"]
[WhiteElo "2144"]
[BlackElo "2031"]
[PlyCount "91"]
[EventDate "2022.04.14"]
[EventType "swiss"]
[EventRounds "9"]
[EventCountry "ITA"]
[SourceTitle "EXT 2024"]
[Source "ChessBase"]
[SourceDate "2023.10.10"]
[SourceVersion "1"]
[SourceVersionDate "2023.10.10"]
[SourceQuality "1"]

1. d4 Nf6 2. c4 e6 3. Nc3 Bb4 4. e3 c5 5. Bd3 Nc6 6. Nf3 Bxc3+ 7. bxc3 d6 8. Qc2 e5 9. d5 Ne7 10. 0-0 0-0 11. Nh4 Ng6 12. Nxg6 hxg6 13. f4 Qe7 14. e4 exf4 15. Bxf4 Ng4 16. e5 Nxe5 17. Rae1 g5 18. Bc1 Re8 19. Qd2 f6 20. Bg6 Rd8 21. Qd1 g4 22. Bb1 Qf7 23. Qc2 Qh5 24. Bf4 Bd7 25. Qf2 Re8 26. Qg3 Rad8 27. Bd3 Re7 28. Be2 Rde8 29. Bd1 b5 30. h3 bxc4 31. hxg4 Qg6 32. g5 fxg5 33. Bxg5 Rf7 34. Rxf7 Nxf7 35. Bf4 Qxg3 36. Rxe8+ Bxe8 37. Bxg3 Ne5 38. Be2 Bb5 39. Bxe5 dxe5 40. Kf2 Kf7 41. Ke3 Ke7 42. Ke4 Kd6 43. a3 a5 44. Bf1 a4 45. Be2 Ba6 46. Bf1 1/2-1/2

[Event "Bassano del Grappa Easter op-A 2nd"]
[Site "Bassano del Grappa"]
[Date "2022.04.16"]
[Round "5"]
[White "Colonetti, Fabio"]
[Black "Westenthanner, Paul"]
[Result "1/2-1/2"]
[WhiteElo "2144"]
[BlackElo "1988"]
[PlyCount "68"]
[EventDate "2022.04.14"]
[EventType "swiss"]
[EventRounds "9"]
[EventCountry "ITA"]
[SourceTitle "EXT 2024"]
[Source "ChessBase"]
[SourceDate "2023.10.10"]
[SourceVersion "1"]
[SourceVersionDate "2023.10.10"]
[SourceQuality "1"]

1. d4 d5 2. c4 e6 3. Nc3 a6 4. cxd5 exd5 5. Bf4 c6 6. Qc2 Bd6 7. Bxd6 Qxd6 8. e3 Nf6 9. Bd3 0-0 10. Nf3 Be6 11. 0-0 Nbd7 12. h3 h6 13. Rfc1 Qe7 14. Rab1 a5 15. a3 Rfc8 16. Na4 b5 17. Nc5 Nxc5 18. Qxc5 Qxc5 19. dxc5 Nd7 20. Nd4 Ne5 21. Bf1 a4 22. b4 axb3 23. Rxb3 Ra4 24. f4 Nc4 25. Bxc4 dxc4 26. Rbc3 Bd5 27. Nf5 Rca8 28. Nd6 f6 29. e4 Bf7 30. Nf5 R8a7 31. Nd4 Rxa3 32. Rxa3 Rxa3 33. Nxc6 Re3 34. Na7 Rxe4 1/2-1/2

[Event "Bassano del Grappa Easter op-A 2nd"]
[Site "Bassano del Grappa"]
[Date "2022.04.16"]
[Round "6"]
[White "Lohvinov, Petro"]
[Black "Colonetti, Fabio"]
[Result "1-0"]
[WhiteElo "2238"]
[BlackElo "2144"]
[PlyCount "97"]
[EventDate "2022.04.14"]
[EventType "swiss"]
[EventRounds "9"]
[EventCountry "ITA"]
[SourceTitle "EXT 2024"]
[Source "ChessBase"]
[SourceDate "2023.10.10"]
[SourceVersion "1"]
[SourceVersionDate "2023.10.10"]
[SourceQuality "1"]

1. e4 c5 2. Nf3 d6 3. d4 cxd4 4. Nxd4 Nf6 5. Nc3 a6 6. Be3 e5 7. Nb3 Be6 8. f3 Nbd7 9. g4 b5 10. g5 b4 11. Nd5 Nxd5 12. exd5 Bf5 13. Bd3 Bxd3 14. Qxd3 Be7 15. h4 0-0 16. 0-0-0 a5 17. Kb1 f5 18. gxf6 Nxf6 19. h5 Kh8 20. h6 g6 21. f4 a4 22. Nd2 exf4 23. Bxf4 Ra5 24. Bg5 Kg8 25. Rhe1 Rxd5 26. Qc4 Qc8 27. Qxb4 Bd8 28. Bxf6 Bxf6 29. Ne4 Rxd1+ 30. Rxd1 Be5 31. Nxd6 Rd8 32. Qa5 Rxd6 33. Rxd6 Bxd6 34. Qd5+ Kf8 35. Qxd6+ Kf7 36. Qf4+ Ke7 37. Qe5+ Qe6 38. Qxe6+ Kxe6 39. Kc1 Kf5 40. Kd2 Ke4 41. c4 Kd4 42. b3 a3 43. Ke2 Kc3 44. c5 Kb2 45. c6 Kxa2 46. c7 Kxb3 47. c8Q a2 48. Qc1 g5 49. Kf3 1-0

[Event "Bassano del Grappa Easter op-A 2nd"]
[Site "Bassano del Grappa"]
[Date "2022.04.15"]
[Round "4"]
[White "Jaivardhan, Raj"]
[Black "Colonetti, Fabio"]
[Result "0-1"]
[WhiteElo "2006"]
[BlackElo "2144"]
[PlyCount "144"]
[EventDate "2022.04.14"]
[EventType "swiss"]
[EventRounds "9"]
[EventCountry "ITA"]
[SourceTitle "EXT 2024"]
[Source "ChessBase"]
[SourceDate "2023.10.10"]
[SourceVersion "1"]
[SourceVersionDate "2023.10.10"]
[SourceQuality "1"]

1. e4 c5 2. Nf3 d6 3. d4 cxd4 4. Qxd4 Nc6 5. Qe3 Nf6 6. c4 Bg4 7. Be2 g6 8. Nc3 Bg7 9. 0-0 0-0 10. Rd1 Nd7 11. h3 Bxf3 12. Bxf3 Qa5 13. Nd5 e6 14. Nc3 Bxc3 15. bxc3 Qc5 16. Qxc5 Nxc5 17. Rxd6 Ne5 18. Ba3 Rfc8 19. Rd4 Na4 20. Be2 Nxc3 21. Bf1 Nc6 22. Rd7 b6 23. f3 Rd8 24. Rxd8+ Rxd8 25. Bb2 Na4 26. Bf6 Rd2 27. Bg5 Rd4 28. Bf6 Rd2 29. Bg5 Rd4 30. Bf6 e5 31. Bg5 Nc5 32. Be3 Rd7 33. Kf2 Nd4 34. Rc1 f6 35. Rc3 Nc6 36. Be2 Kf7 37. Ke1 Nd4 38. Bd1 Rc7 39. Bb3 Nce6 40. Rc1 g5 41. Kf2 Ke7 42. Bd2 Nc5 43. Rc3 h5 44. Be3 h4 45. Bd2 Rd7 46. Ke3 Nde6 47. Ke2 Nf4+ 48. Bxf4 gxf4 49. Bc2 Ne6 50. Rd3 Nd4+ 51. Kd2 Kd6 52. Kc3 Kc5 53. Rd2 b5 54. Bb3 b4+ 55. Kb2 a5 56. Rd1 Ra7 57. a4 Ra6 58. Rd3 Rd6 59. Ba2 f5 60. Kc1 fxe4 61. fxe4 Ne2+ 62. Kc2 Rxd3 63. Kxd3 Nc1+ 64. Kc2 Nxa2 65. Kb3 Nc3 66. Kc2 Kxc4 67. Kb2 Nxa4+ 68. Kc2 b3+ 69. Kb1 Nc3+ 70. Kb2 Kb4 71. g3 hxg3 72. h4 g2 0-1

[Event "Palmanova op 10th"]
[Site "Palmanova"]
[Date "2021.12.04"]
[Round "2"]
[White "Colonetti, Fabio"]
[Black "Lumachi, Gabriele"]
[Result "0-1"]
[WhiteElo "2215"]
[BlackElo "2310"]
[PlyCount "110"]
[EventDate "2021.12.03"]
[EventType "swiss"]
[EventRounds "5"]
[EventCountry "ITA"]
[SourceTitle "CBM 205 Extra"]
[Source "ChessBase"]
[SourceDate "2022.01.31"]
[SourceVersion "1"]
[SourceVersionDate "2022.01.31"]
[SourceQuality "1"]

1. d4 Nf6 2. c4 e6 3. Nc3 d5 4. cxd5 exd5 5. Bg5 c6 6. e3 h6 7. Bh4 Be7 8. Bd3 0-0 9. Qc2 Re8 10. Nf3 Ne4 11. Bxe7 Qxe7 12. 0-0 Nd7 13. b4 a6 14. a4 a5 15. b5 Nd6 16. Rfc1 Nf6 17. bxc6 bxc6 18. Ne5 Bd7 19. Rab1 Rec8 20. Ne2 c5 21. Nxd7 Nxd7 22. dxc5 Nxc5 23. Qd1 Nde4 24. Bxe4 dxe4 25. Qd4 Nd3 26. Rxc8+ Rxc8 27. Ng3 Qe5 28. Qxe5 Nxe5 29. Nxe4 Rc4 30. f3 Rxa4 31. Nc5 Rc4 32. Nb3 Rb4 33. Nd2 Rxb1+ 34. Nxb1 Kf8 35. Kf1 Ke7 36. Ke2 Kd6 37. f4 Ng4 38. h3 Nf6 39. Kd3 Kc5 40. Nc3 Nd5 41. Ne4+ Kb4 42. Nd2 a4 43. Nc4 Nc7 44. g4 Na6 45. h4 Nc5+ 46. Kd4 g6 47. f5 h5 48. fxg6 fxg6 49. gxh5 gxh5 50. Kd5 Nd7 51. Kd4 Nf6 52. Kd3 Ng4 53. Nb2 a3 54. Kc2 Nxe3+ 55. Kb1 Kb3 0-1

[Event "Palmanova op 10th"]
[Site "Palmanova"]
[Date "2021.12.03"]
[Round "1"]
[White "Candian, Lorenzo"]
[Black "Colonetti, Fabio"]
[Result "0-1"]
[WhiteElo "1952"]
[BlackElo "2215"]
[PlyCount "98"]
[EventDate "2021.12.03"]
[EventType "swiss"]
[EventRounds "5"]
[EventCountry "ITA"]
[SourceTitle "CBM 205 Extra"]
[Source "ChessBase"]
[SourceDate "2022.01.31"]
[SourceVersion "1"]
[SourceVersionDate "2022.01.31"]
[SourceQuality "1"]

1. e4 c5 2. Nf3 d6 3. d4 cxd4 4. Nxd4 Nf6 5. Nc3 a6 6. Bc4 e6 7. Bb3 Nbd7 8. Bg5 Nc5 9. f4 Be7 10. Qf3 Qc7 11. 0-0-0 0-0 12. f5 b5 13. fxe6 fxe6 14. Qh3 Nxb3+ 15. axb3 b4 16. Bxf6 Rxf6 17. Nce2 Bd7 18. Qd3 Rc8 19. Rhf1 Qc5 20. Rxf6 Bxf6 21. g3 e5 22. Nf3 Bb5 23. Qd2 Qf2 24. Neg1 Qxd2+ 25. Rxd2 Bc6 26. Re2 d5 27. exd5 Bxd5 28. Nxe5 Bxb3 29. Ngf3 Bd5 30. Rd2 Be4 31. Re2 Bb7 32. Rf2 Rf8 33. Nd3 Bxf3 34. Rxf3 Bxb2+ 35. Kxb2 Rxf3 36. Nxb4 Rf6 37. c4 Kf8 38. Kc3 Ke8 39. Kd4 Kd7 40. c5 a5 41. Nd5 Ra6 42. Kc4 Kc6 43. Ne7+ Kd7 44. Kb5 Rh6 45. Nd5 Rxh2 46. c6+ Kd6 47. Ne3 Rb2+ 48. Kxa5 Kxc6 49. Nf5 Rb5+ 0-1

[Event "Bassano del Grappa op"]
[Site "Bassano del Grappa"]
[Date "2021.02.15"]
[Round "7"]
[White "Colonetti, Fabio"]
[Black "Frank, Emanuel"]
[Result "1-0"]
[WhiteElo "2100"]
[BlackElo "2240"]
[PlyCount "67"]
[EventDate "2021.02.12"]
[EventType "swiss"]
[EventRounds "9"]
[EventCountry "ITA"]
[SourceTitle "EXT 2023"]
[Source "ChessBase"]
[SourceDate "2022.10.05"]
[SourceVersion "1"]
[SourceVersionDate "2022.10.05"]
[SourceQuality "1"]

1. d4 d5 2. c4 e6 3. Nc3 c6 4. e4 Bb4 5. e5 Ne7 6. a3 Bxc3+ 7. bxc3 c5 8. Nf3 Nbc6 9. Bd3 cxd4 10. cxd4 b6 11. cxd5 Qxd5 12. 0-0 Bb7 13. Be3 Rd8 14. Bc2 Na5 15. Re1 h6 16. Bd2 Nac6 17. Be3 Nf5 18. Bxf5 exf5 19. Qd3 g6 20. Rab1 Kf8 21. Rb5 Qd7 22. Qd2 g5 23. Qb2 Qe6 24. d5 Rxd5 25. Rxd5 Qxd5 26. e6 Kg8 27. e7 Nxe7 28. Bd4 Rh7 29. Rxe7 Kf8 30. Re1 Qd6 31. Bf6 Be4 32. Qb4 Qxb4 33. axb4 Ke8 34. Rd1 1-0

[Event "Bassano del Grappa op"]
[Site "Bassano del Grappa"]
[Date "2021.02.15"]
[Round "6"]
[White "Costa, Leonardo"]
[Black "Colonetti, Fabio"]
[Result "1-0"]
[WhiteElo "2036"]
[BlackElo "2100"]
[PlyCount "71"]
[EventDate "2021.02.12"]
[EventType "swiss"]
[EventRounds "9"]
[EventCountry "ITA"]
[SourceTitle "EXT 2023"]
[Source "ChessBase"]
[SourceDate "2022.10.05"]
[SourceVersion "1"]
[SourceVersionDate "2022.10.05"]
[SourceQuality "1"]

1. e4 c5 2. Nf3 d6 3. d4 cxd4 4. Nxd4 Nf6 5. Nc3 a6 6. Bd3 g6 7. f3 Bg7 8. Be3 Nc6 9. Qd2 0-0 10. 0-0-0 d5 11. Nxc6 bxc6 12. Bh6 Rb8 13. e5 Nd7 14. e6 Nc5 15. Bxg7 Nxd3+ 16. Qxd3 Kxg7 17. exf7 Rxf7 18. h4 e5 19. Rde1 Qf6 20. h5 Qf4+ 21. Kb1 Re7 22. g4 Be6 23. b3 a5 24. hxg6 hxg6 25. Ne2 Qg5 26. Qc3 a4 27. f4 d4 28. Qc5 Qf6 29. g5 Qf5 30. Qxe7+ Bf7 31. Qxe5+ Qxe5 32. fxe5 d3 33. cxd3 axb3 34. axb3 Bxb3 35. Kc1 Bd5 36. Rhf1 1-0

[Event "Bassano del Grappa op"]
[Site "Bassano del Grappa"]
[Date "2021.02.14"]
[Round "4"]
[White "Ruzic, Pia Marie"]
[Black "Colonetti, Fabio"]
[Result "1/2-1/2"]
[WhiteElo "2030"]
[BlackElo "2100"]
[PlyCount "82"]
[EventDate "2021.02.12"]
[EventType "swiss"]
[EventRounds "9"]
[EventCountry "ITA"]
[SourceTitle "EXT 2023"]
[Source "ChessBase"]
[SourceDate "2022.10.05"]
[SourceVersion "1"]
[SourceVersionDate "2022.10.05"]
[SourceQuality "1"]

1. c4 Nf6 2. Nf3 g6 3. Nc3 Bg7 4. g3 0-0 5. Bg2 d6 6. 0-0 Nc6 7. d3 e5 8. Rb1 a5 9. a3 Re8 10. e4 h6 11. h3 Nd7 12. Be3 Nf8 13. b4 axb4 14. axb4 Ne6 15. b5 Ncd4 16. Bxd4 Nxd4 17. Nxd4 exd4 18. Nd5 Be6 19. Ra1 Rxa1 20. Qxa1 Bxd5 21. cxd5 Qa8 22. Rc1 Qxa1 23. Rxa1 b6 24. Ra7 Re7 25. h4 Bf6 26. Bh3 Kg7 27. Kg2 Kf8 28. f4 h5 29. Kf3 Kg7 30. Ra8 Kh7 31. Kf2 Kg7 32. Rc8 Kh7 33. Rb8 Kg7 34. Kg2 Kh7 35. Ra8 Kg7 36. Kh2 Kh7 37. Rb8 Kg7 38. Bg2 Kh7 39. Bf3 Kg7 40. Kh3 Kh6 41. Ra8 Rd7 1/2-1/2

[Event "Bassano del Grappa op"]
[Site "Bassano del Grappa"]
[Date "2021.02.12"]
[Round "1"]
[White "Colonetti, Fabio"]
[Black "Solomon, Kenny"]
[Result "0-1"]
[WhiteElo "2100"]
[BlackElo "2355"]
[PlyCount "80"]
[EventDate "2021.02.12"]
[EventType "swiss"]
[EventRounds "9"]
[EventCountry "ITA"]
[SourceTitle "CBM 200 Extra"]
[Source "ChessBase"]
[SourceDate "2021.03.31"]
[SourceVersion "1"]
[SourceVersionDate "2021.03.31"]
[SourceQuality "1"]

1. d4 Nf6 2. c4 e6 3. Nc3 Bb4 4. e3 0-0 5. Bd3 d5 6. Nf3 b6 7. 0-0 Bb7 8. a3 Be7 9. b3 Nbd7 10. Bb2 Ne4 11. Nd2 Nxc3 12. Bxc3 Bd6 13. Nf3 Qe7 14. Bb2 dxc4 15. Bxc4 Rad8 16. Qe2 e5 17. dxe5 Nxe5 18. Nxe5 Bxe5 19. Bxe5 Qxe5 20. Rfd1 g6 21. Rac1 Kg7 22. Qc2 c5 23. Rxd8 Rxd8 24. Rd1 Rxd1+ 25. Qxd1 Qe4 26. Bf1 Bd5 27. Qa1+ f6 28. Qb2 a5 29. h3 g5 30. Kh2 a4 31. bxa4 Qe5+ 32. Qxe5 fxe5 33. e4 Bxe4 34. Bc4 Bc2 35. a5 bxa5 36. Kg3 e4 37. f3 Bd3 38. Bd5 e3 39. Be4 c4 40. a4 h5 0-1